[Event "Detroit (Class B/2/2)"]
[Site "?"]
[Date "1994.??.??"]
[Round "?"]
[White "Jordan, Willie"]
[Black "Jones, M."]
[Result "1-0"]
[WhiteElo "1705"]
[BlackElo "1785"]
[PlyCount "67"]
[EventDate "1994.??.??"]

{2/(2)} 1. d4 d5 2. c4 c6 3. Nc3 Nf6 4. Nf3 h6 5. Qc2 g6 6. e4 dxe4 7. Nxe4
Nxe4 8. Qxe4 Bf5 9. Qe5 f6 10. Qg3 g5 11. Be2 Be4 12. O-O h5 13. Be3 e6 14.
Nxg5 fxg5 15. Qe5 Bxg2 16. Kxg2 Rh7 17. Bxg5 Qd6 18. Qf6 Qe7 19. Qf4 Qg7 20.
Qh4 Qg6 21. f4 Nd7 22. Kh1 Be7 23. Bxe7 Qe4+ 24. Bf3 Qxd4 25. Bg5 Qh8 26. Rfe1
Kf7 27. Qh3 Nf8 28. Rad1 Re8 29. Rd8 Rxd8 30. Bxd8 h4 31. Bg4 Qxb2 32. Bxe6+
Kg7 33. Rg1+ Kh6 34. Qxh4# 1-0

[Event "Detroit (MCO/B/2b/3)"]
[Site "?"]
[Date "1994.??.??"]
[Round "?"]
[White "Jordan, Willie"]
[Black "Jointer, William"]
[Result "1-0"]
[WhiteElo "1700"]
[BlackElo "1700"]
[PlyCount "93"]
[EventDate "1994.??.??"]

1. d4 Nf6 2. c4 g6 3. Nc3 Bg7 4. e4 d6 5. Bd3 O-O 6. Nge2 c5 7. d5 Re8 8. f4 e6
9. O-O exd5 10. exd5 Ng4 11. h3 Ne3 12. Bxe3 Rxe3 13. Qd2 Re8 14. f5 Nd7 15.
Rf2 Ne5 16. fxg6 hxg6 17. Raf1 Nxd3 18. Qxd3 Bf5 19. Qf3 Qg5 20. Nd1 Re7 21.
Ng3 Bd4 22. Nxf5 gxf5 23. Kh2 Bxf2 24. Rxf2 Re1 25. Nc3 Rae8 26. Nb5 Qc1 27.
Qxf5 Rh1+ 28. Kg3 Qe3+ 29. Rf3 Qe1+ 30. Kg4 Re4+ 31. Rf4 Qe2+ 32. Kh4 Qf2+ 33.
g3 Rxf4+ 34. Qxf4 Qxb2 35. Nxd6 Qh8+ 36. Kg4 Qxh3+ 37. Kg5 Qh5+ 38. Kf6 Qg6+
39. Ke7 f6 40. Kd8 Rh7 41. Ne8 f5 42. Qe5 Rf7 43. d6 b5 44. Qxc5 Qxg3 45. Qd5
Qg5+ 46. Kc8 Kf8 47. d7 1-0

[Event "Detroit (Class C/4/12)"]
[Site "?"]
[Date "1994.??.??"]
[Round "?"]
[White "Jones, W."]
[Black "Smeckert, Dennis"]
[Result "1-0"]
[WhiteElo "1605"]
[BlackElo "1605"]
[PlyCount "23"]
[EventDate "1994.??.??"]

{4/(12)} 1. e4 e5 2. Nc3 Nf6 3. f4 Bc5 4. fxe5 Bxg1 5. exf6 Qxf6 6. Rxg1 Qh4+
7. g3 Qxh2 8. Rg2 Qh6 9. Nd5 O-O 10. Nxc7 Qc6 11. Nxa8 b6 12. d3 1-0

[Event "Detroit (Class C/2/17)"]
[Site "?"]
[Date "1994.??.??"]
[Round "?"]
[White "Jones, W."]
[Black "Osebold, J."]
[Result "1/2-1/2"]
[WhiteElo "1605"]
[BlackElo "1605"]
[PlyCount "69"]
[EventDate "1994.??.??"]

{2/(17)} 1. e4 c6 2. d4 d5 3. e5 Bf5 4. Nf3 e6 5. Be2 Nd7 6. O-O Ne7 7. Bg5 Qc7
8. Nc3 Ng6 9. Nh4 Nxh4 10. Bxh4 c5 11. Nb5 Qc6 12. c3 c4 13. a4 a6 14. Na3 Bxa3
15. Rxa3 O-O 16. Be7 Rfe8 17. Bd6 Nf8 18. b3 b5 19. b4 Ng6 20. f4 Qd7 21. a5
Qd8 22. Bh5 Qh4 23. Bxg6 Bxg6 24. Qe1 Qg4 25. h3 Qh5 26. Rf3 Be4 27. Rg3 Qf5
28. Qf2 h6 29. Ra1 h5 30. Rg5 Qh7 31. Qh4 Bg6 32. Re1 Ra7 33. Re3 Qh6 34. Reg3
Qh7 35. Kf2 1/2-1/2

[Event "Gaylord (NMO/2/1)"]
[Site "?"]
[Date "1994.??.??"]
[Round "?"]
[White "Jones, W."]
[Black "Gabbara, Faris"]
[Result "0-1"]
[WhiteElo "1620"]
[BlackElo "2195"]
[PlyCount "42"]
[EventDate "1994.??.??"]

{2/(1)} 1. e4 d5 2. exd5 Nf6 3. d4 Nxd5 4. Nf3 Bg4 5. Bc4 e6 6. O-O Nc6 7. Be3
Be7 8. Nbd2 O-O 9. c3 a6 10. Qc2 Bf5 11. Bd3 Ndb4 12. cxb4 Nxb4 13. Qc3 Nxd3
14. a3 Rc8 15. b4 Qd5 16. Ne5 Nxe5 17. dxe5 c5 18. Bxc5 Bxc5 19. bxc5 Rxc5 20.
Qb4 a5 21. Qb2 Rc2 0-1

[Event "Gaylord (NMO/4/8)"]
[Site "?"]
[Date "1994.??.??"]
[Round "?"]
[White "Jones, W."]
[Black "Andreas, L."]
[Result "1-0"]
[WhiteElo "1620"]
[BlackElo "1605"]
[PlyCount "45"]
[EventDate "1994.??.??"]

{4/(8)} 1. e4 c5 2. d4 e6 3. Nf3 Nf6 4. Bg5 Be7 5. Nbd2 b6 6. Bd3 Bb7 7. Qe2
Nc6 8. c3 O-O 9. h4 Re8 10. e5 Nh5 11. Bxe7 Nf4 12. Qe4 Nxd3+ 13. Qxd3 Nxe7 14.
Ng5 g6 15. h5 Nf5 16. Nde4 Bxe4 17. Nxe4 Kf8 18. Nf6 Qe7 19. g4 c4 20. Qd2 h6
21. gxf5 g5 22. Nh7+ Kg7 23. f6+ 1-0

[Event "Detroit (Class B/1/2)"]
[Site "?"]
[Date "1994.??.??"]
[Round "?"]
[White "Jones, M."]
[Black "Zubatch, Steve"]
[Result "1-0"]
[WhiteElo "1785"]
[BlackElo "1700"]
[PlyCount "79"]
[EventDate "1994.??.??"]

{1/(2)} 1. e4 g6 2. d4 Bg7 3. Bc4 d6 4. Nf3 Nf6 5. Nc3 O-O 6. h3 Nfd7 7. a3 e5
8. Bg5 Qe8 9. Qd2 exd4 10. Nxd4 Nc5 11. f3 Be6 12. Bb5 c6 13. Be2 Qd7 14. O-O-O
d5 15. b4 Nca6 16. Bh6 dxe4 17. Nxe4 Nc7 18. Bxg7 Kxg7 19. Qc3 f6 20. Nc5 Qc8
21. Bc4 Bxc4 22. Qxc4 Re8 23. Rhe1 Nba6 24. Nde6+ Nxe6 25. Nxe6+ Kh8 26. Rd6
Nc7 27. g4 Nb5 28. Qf4 Rxe6 29. Rdxe6 Qd8 30. Re7 Qd4 31. Re8+ Rxe8 32. Rxe8+
Kg7 33. Re7+ Kf8 34. Qxd4 Nxd4 35. Rxh7 Nxf3 36. Rxb7 g5 37. Rxa7 Ng1 38. Rc7
Nxh3 39. Rxc6 Kg7 40. b5 1-0

[Event "Detroit (Class B/5/13)"]
[Site "?"]
[Date "1994.??.??"]
[Round "?"]
[White "Jones, M."]
[Black "Purkey, L."]
[Result "1-0"]
[WhiteElo "1785"]
[BlackElo "1625"]
[PlyCount "29"]
[EventDate "1994.??.??"]

{5/(13)} 1. e4 g6 2. d4 Bg7 3. Nf3 c6 4. Nc3 d5 5. Bd3 Bg4 6. e5 f6 7. Bf4 Qb6
8. Na4 Qc7 9. exf6 Qxf4 10. fxg7 Qf6 11. gxh8=Q Qxh8 12. Nc5 b6 13. Na4 Bxf3
14. gxf3 Qxd4 15. Bxg6+ 1-0

[Event "Detroit (Class B/3/6)"]
[Site "?"]
[Date "1994.??.??"]
[Round "?"]
[White "Jones, M."]
[Black "Iverson, B."]
[Result "0-1"]
[WhiteElo "1785"]
[BlackElo "1610"]
[PlyCount "174"]
[EventDate "1994.??.??"]

{3/(6)} 1. e4 e6 2. d4 c5 3. c3 d5 4. Bb5+ Bd7 5. Bxd7+ Nxd7 6. e5 Ne7 7. f4
cxd4 8. cxd4 Nc6 9. a3 Rc8 10. Nf3 Be7 11. b4 b5 12. Bd2 Nb6 13. O-O O-O 14.
Qe1 Qd7 15. Nc3 a6 16. Ne2 Bd8 17. Ng3 Ne7 18. Nh5 Nc4 19. Qg3 Nf5 20. Qg4 Nxd2
21. Nxd2 f6 22. Nf3 Ne3 23. Qg3 Nxf1 24. Rxf1 Rc3 25. exf6 Bxf6 26. Ne5 Rxg3
27. Nxd7 Bxd4+ 28. Kh1 Rxa3 29. Nxf8 Kxf8 30. g4 g6 31. Ng3 Bc3 32. f5 Ke7 33.
Kg2 Bxb4 34. f6+ Kf7 35. g5 Ra2+ 36. Kf3 a5 37. h4 Bd6 38. Ne2 Ra3+ 39. Kg2 Ra2
40. Kf3 Ra4 41. Rb1 Rb4 42. Rh1 Rc4 43. h5 gxh5 44. Rxh5 Kg6 45. Rh1 e5 46. f7
Bf8 47. Rd1 d4 48. Ke4 Rc5 49. Rh1 Rc7 50. Rh2 Rxf7 51. Kxe5 Bg7+ 52. Ke6 d3
53. Ng3 Bf8 54. Ne4 Re7+ 55. Kd5 a4 56. Rf2 Bg7 57. Nc5 Re3 58. Rd2 Rg3 59.
Nxd3 Rxg5+ 60. Ke4 Bc3 61. Nf4+ Kf7 62. Rd7+ Ke8 63. Rxh7 Re5+ 64. Kd3 b4 65.
Ra7 a3 66. Ng6 Rd5+ 67. Kc4 Rd2 68. Nf4 a2 69. Ra8+ Kd7 70. Ra7+ Kc8 71. Nd5
Rxd5 72. Rxa2 Rd4+ 73. Kb3 Kc7 74. Ra6 Rd6 75. Ra7+ Kb6 76. Ra8 Kb5 77. Rb8+
Rb6 78. Rg8 Bd4 79. Rd8 Bc5 80. Ra8 Ra6 81. Rd8 Ra3+ 82. Kb2 Kc4 83. Rc8 Rc3
84. Rc7 Kd3 85. Rd7+ Bd4 86. Ka2 Ra3+ 87. Kb1 Ra1# 0-1

[Event "Jackson (Prison m/Oct)"]
[Site "?"]
[Date "1994.??.??"]
[Round "?"]
[White "Jones"]
[Black "Tripp, Steve"]
[Result "0-1"]
[WhiteElo "1605"]
[BlackElo "1605"]
[PlyCount "52"]
[EventDate "1994.??.??"]

1. e4 c5 2. Nc3 Nc6 3. Nf3 d6 4. h3 Nf6 5. a3 g6 6. Bc4 e6 7. d4 cxd4 8. Nxd4
Bg7 9. Bg5 O-O 10. f4 Qc7 11. Ndb5 Qb6 12. Qd3 d5 13. exd5 exd5 14. Nxd5 Nxd5
15. Bxd5 Re8+ 16. Kd1 Bf5 17. Qb3 Be6 18. f5 Bxd5 19. Qxd5 Ne7 20. Bxe7 Rxe7
21. Kc1 Re5 22. Qd3 Rxb5 23. fxg6 hxg6 24. Rb1 Bxb2+ 25. Rxb2 Rxb2 26. c3 Rxg2
0-1

[Event "Detroit (CAO/3/6)"]
[Site "?"]
[Date "1994.??.??"]
[Round "?"]
[White "Jointer, William"]
[Black "Woods, O."]
[Result "1-0"]
[WhiteElo "1700"]
[BlackElo "1605"]
[PlyCount "62"]
[EventDate "1994.??.??"]

{3/(6)} 1. e4 e6 2. d4 d5 3. Nd2 Nf6 4. e5 Nfd7 5. Bd3 c5 6. c3 Qb6 7. Ne2 Nc6
8. Nf3 cxd4 9. cxd4 Qb4+ 10. Qd2 Qxd2+ 11. Bxd2 Bb4 12. Rc1 Bxd2+ 13. Nxd2 O-O
14. a3 f6 15. exf6 Rxf6 16. O-O e5 17. dxe5 Ndxe5 18. Bb1 Be6 19. Nb3 Bf5 20.
Bxf5 Rxf5 21. Nbd4 Rf6 22. b4 a6 23. Rc2 Raf8 24. f3 g5 25. Rfc1 Nxd4 26. Nxd4
Rg6 27. Rc8 Rg7 28. Rxf8+ Kxf8 29. Ne6+ Kf7 30. Nxg7 Kxg7 31. Rc8 d4 {
[Remainder illegible; 0-1, 49?]} 1-0

[Event "Detroit (MCO/B/4/7)"]
[Site "?"]
[Date "1994.??.??"]
[Round "?"]
[White "Jointer, William"]
[Black "Whitworth, M."]
[Result "0-1"]
[WhiteElo "1700"]
[BlackElo "1630"]
[PlyCount "112"]
[EventDate "1994.??.??"]

{4/(7)} 1. d4 d5 2. e4 dxe4 3. Nc3 Bf5 4. f3 exf3 5. Nxf3 e6 6. Bc4 c6 7. Be3
Nf6 8. h3 Bd6 9. Bf2 Qc7 10. Qd2 Ne4 11. Nxe4 Bxe4 12. O-O-O Bxf3 13. gxf3 Nd7
14. Kb1 O-O-O 15. Rhg1 Rhg8 16. Bd3 h6 17. c4 c5 18. Qc2 g5 19. Qa4 Qb6 20. Be2
a5 21. d5 Be5 22. Qb5 Qxb5 23. cxb5 b6 24. Bc4 exd5 25. Rxd5 Bf4 26. Rgd1 Ne5
27. Rxd8+ Rxd8 28. Rxd8+ Kxd8 29. Bd5 Nd3 30. Bg1 Ke7 31. Be4 Ne1 32. Bf2 Ng2
33. a3 Ne3 34. b4 axb4 35. axb4 cxb4 36. Ka2 f5 37. Bd3 Kd6 38. Kb3 Kc5 39. h4
gxh4 40. Bxh4 Bg5 41. Bg3 f4 42. Bf2 Bf6 43. Ka4 h5 44. Bg6 h4 45. Be1 b3 46.
Bb4+ Kc4 47. Bf7+ Nd5 48. Bd6 b2 49. Bg6 Nc3+ 50. Ka3 Nxb5+ 51. Ka2 Nxd6 52.
Bc2 h3 53. Bb3+ Kc3 54. Bc4 h2 55. Bf1 h1=Q 56. Bc4 Qa1# 0-1

[Event "Detroit (WCO/4/7)"]
[Site "?"]
[Date "1994.??.??"]
[Round "?"]
[White "Jointer, William"]
[Black "West, Tony"]
[Result "0-1"]
[WhiteElo "1605"]
[BlackElo "1700"]
[PlyCount "84"]
[EventDate "1994.??.??"]

{4/(7)} 1. d4 Nf6 2. Nc3 d5 3. e4 dxe4 4. f3 exf3 5. Nxf3 e6 6. Bd3 b6 7. Bg5
Nbd7 8. Be4 Rb8 9. O-O Be7 10. Bd3 Bb7 11. Qe1 O-O 12. Rd1 c5 13. Ne5 cxd4 14.
Nxd7 Qxd7 15. Qh4 Qc6 16. Rf2 h6 17. Bxh6 dxc3 18. Bxg7 Kxg7 19. Qg5+ Kh8 20.
Rf3 Bc5+ 21. Kh1 Qxf3 22. Qh6+ Kg8 23. Qg5+ Kh8 24. Qh4+ Nh5 25. Rg1 cxb2 26.
c3 Bf2 27. Qg5 Be3 28. Qe5+ f6 29. Qc7 Ng3+ 30. Qxg3 Qxg3 31. hxg3 Bxg1 32.
Kxg1 Rbd8 33. Bc2 Rd1+ 34. Kh2 b1=Q 35. Bxb1 Rxb1 36. Kh3 Kg7 37. g4 Rh8+ 38.
Kg3 Rb2 39. Kf4 Rxg2 40. a4 Rh3 41. c4 Kg6 42. a5 e5# 0-1

[Event "Eastpointe (US Am N/5/8)"]
[Site "?"]
[Date "1994.??.??"]
[Round "?"]
[White "Jointer, William"]
[Black "Walker, Douglas"]
[Result "1-0"]
[WhiteElo "1700"]
[BlackElo "1900"]
[PlyCount "157"]
[EventDate "1994.??.??"]

{5/(8)} 1. d4 Nf6 2. Nc3 d5 3. e4 dxe4 4. f3 exf3 5. Qxf3 c6 6. Be3 Bg4 7. Qg3
e6 8. Nf3 Bxf3 9. gxf3 Nbd7 10. O-O-O Nd5 11. Nxd5 cxd5 12. h4 Rc8 13. h5 Qc7
14. Qxc7 Rxc7 15. Bf4 Rc8 16. Rg1 a6 17. Bd3 h6 18. Rg2 f5 19. Re1 Kf7 20. Rge2
Rc6 21. Kb1 Nf6 22. Rh1 Be7 23. Rg2 Rhc8 24. c3 b5 25. a3 Rb6 26. Be5 a5 27.
Rc2 b4 28. axb4 axb4 29. c4 dxc4 30. Bxc4 Rbc6 31. Rhc1 Nd5 32. Bxd5 Rxc2 33.
Bxe6+ Kxe6 34. Rxc2 Rxc2 35. Kxc2 Bf6 36. f4 Kf7 37. Kd3 Be7 38. d5 g6 39.
hxg6+ Kxg6 40. d6 Bd8 41. Ke3 h5 42. Kf3 h4 43. Kg2 b3 44. Kh3 Kf7 45. Bd4 Ke6
46. Be5 Kd5 47. Kg2 Ke4 48. Kf2 Bb6+ 49. Kg2 Ke3 50. Bf6 Kxf4 51. d7 Kg4 52.
d8=Q Bxd8 53. Bxd8 f4 54. Bb6 h3+ 55. Kh2 Kh4 56. Bf2+ Kg4 57. Bc5 Kh4 58. Bd6
Kg4 59. Be7 Kf3 60. Kxh3 Ke3 61. Kg2 f3+ 62. Kf1 Kd3 63. Kf2 Kd2 64. Bf6 Kd3
65. Kxf3 Kc4 66. Ke3 Kd5 67. Bg7 Kc4 68. Kd2 Kb4 69. Kd3 Ka4 70. Kc4 Ka5 71.
Kxb3 Kb5 72. Bc3 Kc5 73. Ka4 Kb6 74. b4 Ka6 75. Bd4 Kb7 76. Ka5 Ka8 77. Kb6 Kb8
78. Kc6 Kc8 79. Be5 1-0

[Event "Detroit (WCO/2/2)"]
[Site "?"]
[Date "1994.??.??"]
[Round "?"]
[White "Jointer, William"]
[Black "Tsemekhman, Vadim"]
[Result "0-1"]
[WhiteElo "1700"]
[BlackElo "2460"]
[PlyCount "98"]
[EventDate "1994.??.??"]

{2/(2)} 1. d4 Nf6 2. Nc3 d5 3. e4 Nxe4 4. Bd3 Nxc3 5. bxc3 Nd7 6. Ne2 e5 7. Ng3
e4 8. Be2 Nf6 9. O-O Bd6 10. c4 c6 11. Qe1 O-O 12. f3 Re8 13. Qf2 e3 14. Bxe3
Bxg3 15. hxg3 Qe7 16. Bd3 Qxe3 17. Qxe3 Rxe3 18. Kf2 Re8 19. c5 b6 20. cxb6
axb6 21. g4 Ba6 22. Bxa6 Rxa6 23. g5 Nd7 24. Rh1 Ra3 25. Rh3 Rea8 26. Rah1 Nf8
27. Ke2 Rxa2 28. Kd2 R8a4 29. Kd3 Rc4 30. Rc1 Ne6 31. Rh4 Nxg5 32. f4 Ne4 33.
f5 Rc3+ 34. Ke2 Rcxc2+ 35. Rxc2 Rxc2+ 36. Kf3 b5 37. Rh1 b4 38. Ra1 h6 39. g4
b3 40. g5 Nxg5+ 41. Kf4 b2 42. Ra8+ Kh7 43. Ke5 b1=Q 44. f6 Re2+ 45. Kd6 Re6+
46. Kd7 Qb7+ 47. Kd8 Rd6+ 48. Ke8 Qd7+ 49. Kf8 Ne6# 0-1

[Event "Detroit (Class B/1/16)"]
[Site "?"]
[Date "1994.??.??"]
[Round "?"]
[White "Jointer, William"]
[Black "Swartz, J."]
[Result "1-0"]
[WhiteElo "1700"]
[BlackElo "1605"]
[PlyCount "33"]
[EventDate "1994.??.??"]

{1/(16)} 1. d4 Nf6 2. Nc3 g6 3. e4 d6 4. Be3 Bg7 5. Qd2 O-O 6. Bh6 a6 7. f3 b5
8. O-O-O e5 9. dxe5 Bxh6 10. Qxh6 Ne8 11. h4 Qe7 12. f4 dxe5 13. Nd5 Qe6 14.
Nf3 Qg4 15. Ng5 Qh5 16. Ne7+ Kh8 17. Qxf8# 1-0

[Event "Warren (Warmup"]
[Site "?"]
[Date "1994.??.??"]
[Round "?"]
[White "Jointer, William"]
[Black "Sunts, A."]
[Result "1-0"]
[WhiteElo "1700"]
[BlackElo "1605"]
[PlyCount "113"]
[EventDate "1994.??.??"]

1. d4 g6 2. e4 d6 3. f4 Bg7 4. Nf3 Bg4 5. Be3 Nf6 6. e5 dxe5 7. fxe5 Nd5 8. Bf2
O-O 9. Bc4 c6 10. Nc3 e6 11. Nxd5 cxd5 12. Bd3 Nc6 13. O-O a6 14. c3 Rb8 15. h3
Bxf3 16. Qxf3 b5 17. a3 Na5 18. Qg4 Nc4 19. Ra2 Qe7 20. b3 Nb6 21. Bh4 Qc7 22.
Be1 Qe7 23. Raf2 Nd7 24. b4 Bh6 25. Rf3 Qg5 26. Qxg5 Bxg5 27. h4 Bh6 28. g4 f5
29. exf6 Rf7 30. g5 Bf8 31. Bg3 Rc8 32. Bb1 Nb6 33. Re1 Re8 34. Rfe3 Nc4 35.
Rxe6 Ra8 36. Ba2 a5 37. Bxc4 bxc4 38. Bd6 axb4 39. axb4 Rfa7 40. Bxf8 Kxf8 41.
Rd6 Ra3 42. Re3 Ra1+ 43. Kg2 R8a2+ 44. Kg3 Rg1+ 45. Kf4 Rf2+ 46. Rf3 Rxf3+ 47.
Kxf3 Rc1 48. Rxd5 Rxc3+ 49. Ke4 Rh3 50. Rc5 c3 51. b5 Rxh4+ 52. Kd3 Rh3+ 53.
Kc2 Kf7 54. Rxc3 Rh2+ 55. Kb3 Ke6 56. b6 Rh1 57. Kb2 1-0

[Event "Detroit (Class B/4/9)"]
[Site "?"]
[Date "1994.??.??"]
[Round "?"]
[White "Jointer, William"]
[Black "Smalec, John"]
[Result "0-1"]
[WhiteElo "1745"]
[BlackElo "1740"]
[PlyCount "52"]
[EventDate "1994.??.??"]

{4/(9)} 1. d4 Nf6 2. Nc3 d5 3. e4 e6 4. Bb5+ c6 5. e5 Nfd7 6. Bd3 c5 7. Qg4 Nc6
8. Nb5 cxd4 9. Nd6+ Bxd6 10. Qxg7 Bxe5 11. Qg4 Nf6 12. Qh4 Bd7 13. Nf3 Ne4 14.
Bxe4 dxe4 15. Bg5 Qb6 16. Nxe5 Nxe5 17. Bf6 Qa5+ 18. c3 Nd3+ 19. Kd2 Nxf2 20.
Bxh8 e3+ 21. Ke2 Qb5+ 22. Kf3 Qf5+ 23. Kg3 Ne4+ 24. Qxe4 Qxe4 25. cxd4 e5 26.
Bxe5 Qg4# 0-1

[Event "Detroit (MCO/B/2a/3)"]
[Site "?"]
[Date "1994.??.??"]
[Round "?"]
[White "Jointer, William"]
[Black "Sledge, Ernest"]
[Result "0-1"]
[WhiteElo "1700"]
[BlackElo "1790"]
[PlyCount "128"]
[EventDate "1994.??.??"]

1. d4 d5 2. e4 e6 3. Nc3 c6 4. e5 c5 5. Bb5+ Nd7 6. f4 a6 7. Bxd7+ Bxd7 8. Nf3
cxd4 9. Nxd4 Ne7 10. O-O Nc6 11. Nce2 b6 12. Nxc6 Bxc6 13. f5 exf5 14. Rxf5
Bc5+ 15. Nd4 O-O 16. c3 Qd7 17. Qf3 Rae8 18. Bd2 f6 19. Rf1 Rxe5 20. Kh1 Bxd4
21. cxd4 Rxf5 22. Qxf5 Qxf5 23. Rxf5 Re8 24. Kg1 Kf7 25. Kf2 Re4 26. Rf4 Re8
27. g4 g5 28. Rf3 h6 29. Re3 Re4 30. Rxe4 dxe4 31. Ke2 Ke6 32. Bb4 f5 33. gxf5+
Kxf5 34. Kf2 Bd5 35. a3 Kf4 36. Bd2+ Kg4 37. Be3 h5 38. Kg2 Kf5 39. h4 g4 40.
Kg3 b5 41. b4 Bf7 42. Bd2 Ke6 43. Kf4 Kd5 44. Be3 Be6 45. Kg5 Kc4 46. Kf6 Bd5
47. Ke5 Kd3 48. Kf4 g3 49. Bg1 g2 50. Be3 Ke2 51. Bg1 Kf1 52. Be3 g1=Q 53. Bxg1
Kxg1 54. Ke3 Kg2 55. Kf4 Kf2 56. Kg5 e3 57. Kxh5 e2 58. Kg5 e1=Q 59. h5 Qe3+
60. Kg6 Qxd4 61. Kh7 Qf6 62. a4 bxa4 63. b5 axb5 64. h6 Qg5 0-1

[Event "Flint (MI Senior/2/6)"]
[Site "?"]
[Date "1994.??.??"]
[Round "?"]
[White "Jointer, William"]
[Black "Simmons, P."]
[Result "1-0"]
[WhiteElo "1700"]
[BlackElo "1605"]
[PlyCount "69"]
[EventDate "1994.??.??"]

{2/(6)} 1. d4 d5 2. e4 e6 3. f4 c5 4. e5 cxd4 5. Qxd4 Nc6 6. Bb5 a6 7. Bxc6+
bxc6 8. Nf3 f6 9. Be3 c5 10. Qd3 a5 11. Nbd2 Ba6 12. c4 dxc4 13. Qc3 Be7 14.
O-O Nh6 15. Rad1 Qd3 16. exf6 Qxc3 17. bxc3 Bxf6 18. Bxc5 Bxc3 19. Ne4 Bb4 20.
Nd6+ Kd7 21. Bxb4 axb4 22. Nf7+ Ke7 23. Nxh8 Rxh8 24. Ne5 Bb5 25. Rb1 c3 26.
Rfc1 Nf5 27. Rxb4 Nd6 28. Rxc3 Rf8 29. Rc7+ Kd8 30. Rxg7 Rh8 31. a4 Nf5 32. Ra7
Rf8 33. Rxb5 Ne7 34. Rb8+ Nc8 35. Nc6+ 1-0

[Event "Ann Arbor (HVA/1/8)"]
[Site "?"]
[Date "1994.??.??"]
[Round "?"]
[White "Jointer, William"]
[Black "Simmons, M."]
[Result "1-0"]
[WhiteElo "1700"]
[BlackElo "1605"]
[PlyCount "53"]
[EventDate "1994.??.??"]

{1/(8)} 1. d4 e6 2. e4 d5 3. e5 Bb4+ 4. c3 Ba5 5. Nf3 Ne7 6. Bg5 O-O 7. Bd3 Qe8
8. h4 Nec6 9. h5 h6 10. Bxh6 gxh6 11. Qd2 Kg7 12. Rh3 f5 13. exf6+ Rxf6 14.
Rg3+ Kf7 15. Rg6 Nd7 16. Qxh6 Ke7 17. Rg7+ Kd6 18. Na3 a6 19. Rxd7+ Bxd7 20.
Qxf6 Qxh5 21. O-O-O Ne7 22. c4 dxc4 23. Nxc4+ Kd5 24. Qxe7 Qh6+ 25. Kb1 Bb4 26.
Qxb4 Bb5 27. Qc5# 1-0

[Event "Detroit (CAO/4/7)"]
[Site "?"]
[Date "1994.??.??"]
[Round "?"]
[White "Jointer, William"]
[Black "Seibert, T."]
[Result "1-0"]
[WhiteElo "1700"]
[BlackElo "1605"]
[PlyCount "77"]
[EventDate "1994.??.??"]

{4/(7)} 1. d4 d5 2. e4 dxe4 3. Nc3 Nf6 4. f3 exf3 5. Qxf3 e6 6. Be3 Nc6 7.
O-O-O Bd6 8. Bb5 O-O 9. g4 Qe7 10. h4 Ba3 11. g5 Qb4 12. bxa3 Qxa3+ 13. Kd2 Nd5
14. Nxd5 exd5 15. Qxd5 Nb4 16. Qb3 Qa5 17. c3 Nxa2 18. Ra1 Be6 19. Bc4 Qxc3+
20. Qxc3 Nxc3 21. Kxc3 Rfe8 22. Re1 a6 23. Nh3 b5 24. Bxe6 Rxe6 25. d5 Rd6 26.
Rd1 Rb8 27. Bc5 Rd7 28. Rhe1 a5 29. Re7 b4+ 30. Kb3 Rdd8 31. Rxc7 Rb5 32. d6
Rxc5 33. Rxc5 Kf8 34. Rxa5 f6 35. Ra7 Kg8 36. d7 h6 37. Re1 Kh7 38. Re8 Rxd7
39. Rxd7 1-0

[Event "Warren (Warmup"]
[Site "?"]
[Date "1994.??.??"]
[Round "?"]
[White "Jointer, William"]
[Black "Scales, H."]
[Result "0-1"]
[WhiteElo "1700"]
[BlackElo "1605"]
[PlyCount "137"]
[EventDate "1994.??.??"]

1. e4 e5 2. Nf3 Nc6 3. Bc4 Bc5 4. b4 Bxb4 5. c3 Ba5 6. O-O d6 7. d4 exd4 8.
cxd4 Nge7 9. d5 Ne5 10. Nxe5 O-O 11. Nd3 Bd7 12. Be3 b5 13. Bb3 a6 14. f4 Ng6
15. f5 Nh8 16. Qg4 Qf6 17. e5 dxe5 18. Bg5 Qd6 19. f6 Bxg4 20. fxg7 Kxg7 21.
Rf6 Bb6+ 22. Kh1 Qxf6 23. Bxf6+ Kxf6 24. Nd2 Rad8 25. Ne4+ Kf5 26. Ng3+ Kg5 27.
h3 Bf5 28. Nxe5 Bd4 29. Nf3+ Kf6 30. Nxd4 Bg6 31. Nc6 Rde8 32. Rf1+ Kg7 33. Nd4
Re5 34. Nf3 Re3 35. Rc1 Rc8 36. d6 Bd3 37. Rc3 Ng6 38. dxc7 b4 39. Rc5 Re7 40.
Rd5 Nf4 41. Rd4 Nxh3 42. gxh3 Bg6 43. h4 Rcxc7 44. h5 Bb1 45. Rd1 Be4 46. Nxe4
Rxe4 47. Rd6 a5 48. h6+ Kf8 49. Ra6 Rg4 50. Ne5 Rc1+ 51. Kh2 Rh4+ 52. Kg3 Rd4
53. Ra8+ Ke7 54. Ra7+ Kf6 55. Ng4+ Kg5 56. Rxa5+ Kg6 57. Ra6+ Kg5 58. Ra5+ Kg6
59. Ne5+ Kxh6 60. Nxf7+ Kg7 61. Ra7 Rc3+ 62. Kf2 Rd2+ 63. Ke1 Rh2 64. Nd6+ Kh6
65. Nf7+ Kg6 66. Ne5+ Kf5 67. Ra5 Re3+ 68. Kd1 Rxe5 69. Ra4 {[Remainder
illegible; 0-1, 80?]} 0-1

[Event "Detroit (MOR/4/18)"]
[Site "?"]
[Date "1994.??.??"]
[Round "?"]
[White "Jointer, William"]
[Black "Piasecki, Vince"]
[Result "1-0"]
[WhiteElo "1740"]
[BlackElo "1605"]
[PlyCount "83"]
[EventDate "1994.??.??"]

{4/(18)} 1. d4 Nf6 2. Nc3 e6 3. e4 Bb4 4. Bd3 h6 5. f4 c6 6. a3 Ba5 7. Nf3 d5
8. O-O Bxc3 9. e5 Ba5 10. exf6 Qxf6 11. Ne5 Nd7 12. f5 Nxe5 13. fxe6 Qxe6 14.
dxe5 Bd7 15. Bf5 Qe7 16. Bxd7+ Qxd7 17. Be3 a6 18. b4 Bc7 19. Bd4 O-O-O 20. a4
Rde8 21. Qe2 f6 22. b5 a5 23. b6 Bb8 24. Qh5 fxe5 25. Rf7 Qd6 26. Bf2 g6 27.
Qg4+ Qe6 28. Qxe6+ Rxe6 29. Rf1 Rd8 30. Bc5 e4 31. Rf8 Ree8 32. R8f7 e3 33.
R1f6 e2 34. Rxc6+ Bc7 35. Rcxc7+ Kb8 36. Rxb7+ Ka8 37. Ra7+ Kb8 38. Rfb7+ Kc8
39. Rc7+ Kb8 40. Bf2 Rf8 41. Re7 Rde8 42. Bg3+ 1-0

[Event "Eastpointe (EDO/1a/4)"]
[Site "?"]
[Date "1994.??.??"]
[Round "?"]
[White "Jointer, William"]
[Black "Moody, David"]
[Result "0-1"]
[WhiteElo "1700"]
[BlackElo "2000"]
[PlyCount "44"]
[EventDate "1994.??.??"]

1. d4 c5 2. Nf3 Nf6 3. Nc3 cxd4 4. Nxd4 e5 5. Nf5 d5 6. e4 d4 7. Bb5+ Nc6 8.
Bxc6+ bxc6 9. Nb1 Nxe4 10. Qg4 Nf6 11. Qf3 e4 12. Qf4 Qa5+ 13. Bd2 Qxf5 14. Qc7
Qd5 15. Qg3 Ba6 16. Na3 e3 17. fxe3 Ne4 18. Qg4 Nxd2 19. O-O-O Bxa3 20. Rxd2
Qxa2 21. Qe4+ Kf8 22. Rdd1 Bxb2+ 0-1

[Event "Eastpointe (EDO/5/14)"]
[Site "?"]
[Date "1994.??.??"]
[Round "?"]
[White "Jointer, William"]
[Black "Lubben, Don"]
[Result "0-1"]
[WhiteElo "1700"]
[BlackElo "1860"]
[PlyCount "62"]
[EventDate "1994.??.??"]

{5/(14)} 1. e4 e6 2. d4 d5 3. Nd2 dxe4 4. Nxe4 Nf6 5. Bg5 Be7 6. Bd3 Nxe4 7.
Bxe7 Qxe7 8. Bxe4 Qb4+ 9. c3 Qxb2 10. Ne2 O-O 11. O-O c6 12. Qd3 h6 13. Rfb1
Qa3 14. Rb3 Qd6 15. f4 Nd7 16. Rf1 Nf6 17. Ng3 b6 18. Qf3 Bb7 19. Bd3 Rab8 20.
Ne4 Qe7 21. f5 c5 22. fxe6 fxe6 23. Nxf6+ Rxf6 24. Qg3 Rbf8 25. Rxf6 Rxf6 26.
Qb8+ Rf8 27. Qxa7 Qf6 28. Rb2 Be4 29. Qa6 cxd4 30. Bxe4 dxc3 31. Re2 Qd4+ 0-1

[Event "Detroit (MCO/B/1b/1)"]
[Site "?"]
[Date "1994.??.??"]
[Round "?"]
[White "Jointer, William"]
[Black "Lubben, Don"]
[Result "0-1"]
[WhiteElo "1700"]
[BlackElo "1795"]
[PlyCount "80"]
[EventDate "1994.??.??"]

1. d4 e6 2. e4 d5 3. f3 c5 4. Bb5+ Bd7 5. Bxd7+ Qxd7 6. Ne2 Nc6 7. c3 Rc8 8.
O-O dxe4 9. fxe4 Nf6 10. e5 Nd5 11. c4 Nb6 12. Na3 cxd4 13. Bf4 Bc5 14. Kh1
Bxa3 15. bxa3 Nxc4 16. Qd3 N4xe5 17. Qg3 Ng6 18. Bd6 e5 19. Qb3 f6 20. Bb4 Nxb4
21. axb4 Ke7 22. Ng3 Nf4 23. Rae1 g5 24. Ne4 Qc6 25. b5 Qd5 26. Qb4+ Ke6 27.
Rf3 h6 28. g3 Nh5 29. Kg1 f5 30. Nd2 e4 31. g4 Nf4 32. gxf5+ Kxf5 33. Nxe4 Kg6
34. Qe7 Rhf8 35. h4 Qxa2 36. h5+ Kxh5 37. Rxf4 Rxf4 38. Ng3+ Kh4 39. Re2 Kxg3
40. Qe5 Rc1+ 0-1